000 01965nam0a22003011 4500
001 v19\rc\1705525
005 20260607064732.0
035 _a(NLR Aleph) 005245608
090 _a5750482
_c5750482
100 _a20061002e18981898|||y0rusy50 ca
101 0 _arus
102 _aRU
105 _ay z |||||
200 1 _aКритические заметки к славянскому переводу двух апокрифических сказаний : 1. Апокрифическое первоевангелие Иакова. 2. Апокрифическое послание Пилата в Рим (с. 25)
_fАкад. И.В. Ягич
210 _aСанкт-Петербург
_cтип. Акад. наук
_d1898
215 _a[2], 54 с.
_d24
311 _aОтт. из "Известий Отд-ния рус. яз. и словесности Акад. наук", (1898 г.), т. 3, кн. 2, С. 315-338 и кн. 3, 793-822
488 0 _12001#$aИзвестия Отделения русского языка и словесности Академии наук$v1898, т. 3, кн. 2
_1215##$aС. 315-338
_tИзвестия Отделения русского языка и словесности Академии наук
488 0 _12001#$aИзвестия Отделения русского языка и словесности Академии наук$v1898, т. 3, кн. 3
_1215##$aС. 793-822
_tИзвестия Отделения русского языка и словесности Академии наук
700 1 _7ca
_8rus
_aЯгич
_bИ. В.
_f1838-1923
_gИгнатий Викентьевич
_951861
_3RU\NLR\AUTH\7768933
702 0 _4570
_8rus
_7ca
_aПонтий Пилат
_f1 в.
_3RU\NLR\AUTH\7712634
_9122345
801 2 _aRU
_bNLR
_c20081006
_2rusmarc
801 0 _aRU
_bNLR
_c20061002
_gpsbo
801 0 _aRU
_bRuMoRGB
_c20061002
_2psbo
801 1 _aRU
_bProSoft-M
_c20061002
_2rusmarc
852 _aNLR
_j20.99.3.145
942 _cBOOK
980 _aNB